[Event "AUTO-INT-1439"]
[Site "http://www.queenalice.com/game.php?id=648759"]
[Date "2009.9.7"]
[Round "1"]
[White "allvaro"]
[Black "danniel"]
[Result "1-0"]
[WhiteElo "1678"]
[BlackElo "1475"]

1. e4 e5 2. Bc4 c5 3. Qf3 Qf6 4. Nh3 Nh6 5. d3 d6 6. Bg5 Qg6 7. Nc3 Ng4 8. Nd5
Nc6 9. Nc7+ Kd7 10. Nxa8 Ke8 11. Be3 Bd7 12. Ng5 Be7 13. Bxf7+ Qxf7 14. Nxf7 Rf8
15. Nc7# 1-0

[Event "AUTO-INT-1439"]
[Site "http://www.queenalice.com/game.php?id=648760"]
[Date "2009.9.7"]
[Round "1"]
[White "danniel"]
[Black "allvaro"]
[Result "0-1"]
[WhiteElo "1527"]
[BlackElo "1682"]

1. d4 e6 2. h4 Nc6 3. e3 a6 4. d5 exd5 5. Qxd5 Nf6 6. Qd3 Bc5 7. f3 Qe7 8. Nh3
Nb4 9. Qc4 b5 10. Qc3 Nfd5 11. Qd2 Nxe3 12. c3 Nbc2+ 13. Ke2 Nxa1 14. Qd3 Nd5+
15. Be3 Bxe3 16. Qe4 Qxe4 17. fxe4 Nf4+ 18. Kxe3 Ng6 19. Bd3 O-O 20. Nd2 Nxh4
21. Rxa1 d5 22. Rf1 Re8 23. g3 Bxh3 24. Rf4 Ng2+ 25. Kf3 Ne1+ 26. Ke2 Ng2 27.
Rf2 dxe4 28. Bxe4 g6 29. Kd3 Rad8+ 30. Kc2 f5 31. Bc6 Re1 0-1

[Event "AUTO-INT-1439"]
[Site "http://www.queenalice.com/game.php?id=648767"]
[Date "2009.9.7"]
[Round "1"]
[White "danniel"]
[Black "spectro"]
[Result "0-1"]
[WhiteElo "1527"]
[BlackElo "1772"]

1. d4 c6 2. b3 d5 3. Nf3 Bg4 4. Ne5 Qc8 5. f3 Bf5 6. g4 Be6 7. Bf4 f5 8. gxf5
Bxf5 9. Nc3 e6 10. h4 h5 11. e4 dxe4 12. Bg2 Bb4 13. Qd2 Qd8 14. Qe3 Na6 15.
fxe4 Bxc3+ 16. Qxc3 Bg4 17. Rg1 Qxh4+ 18. Bg3 Qf6 19. Rf1 Qh6 20. Bf4 Qh7 21.
Bg5 g6 22. Qa5 Nc7 23. Qxc7 Qxc7 24. Rf7 Qa5+ 25. Kf2 Qc3 26. Kg1 Qxa1+ 0-1

[Event "AUTO-INT-1439"]
[Site "http://www.queenalice.com/game.php?id=648768"]
[Date "2009.9.7"]
[Round "1"]
[White "spectro"]
[Black "danniel"]
[Result "1-0"]
[WhiteElo "1784"]
[BlackElo "1527"]

1. Nf3 f5 2. c3 Nf6 3. Qb3 d5 4. Ne5 Be6 5. d3 b6 6. Nd2 Qd6 7. Qa4+ c6 8. f4
Qc5 9. d4 Qd6 10. Ndf3 a5 11. e3 b5 12. Qb3 a4 13. Qb4 Na6 14. Qxd6 exd6 15.
Nxc6 Rc8 16. Bxb5 Nc7 17. Na7+ Nxb5 18. Nxb5 Ne4 19. a3 Be7 20. Ng5 Bxg5 21.
fxg5 Nxg5 22. h4 Ne4 23. O-O h5 24. Rf4 g5 25. hxg5 h4 26. Kh2 Nxg5 27. Nxd6+
Kd7 28. Nxc8 Kxc8 29. b4 axb3 30. Rb1 Ne4 31. Rxb3 1-0

[Event "Challenge"]
[Site "http://www.queenalice.com/game.php?id=650240"]
[Date "2009.9.10"]
[Round "-"]
[White "danniel"]
[Black "TD"]
[Result "0-1"]
[WhiteElo "1528"]
[BlackElo "1469"]

1. d4 Nf6 2. e3 g6 3. h4 Bg7 4. Bc4 O-O 5. Nf3 d6 6. Ng5 Qe8 7. Qf3 h6 8. Bxf7+
Rxf7 9. Nxf7 Qxf7 10. b3 Nc6 11. c3 e5 12. e4 exd4 13. c4 b6 14. e5 Bb7 15. a3
dxe5 16. Nd2 Rb8 17. Qg3 Nh5 18. Qf3 Ne7 19. Qxf7+ Kxf7 20. O-O e4 21. g3 Nf5
22. Re1 e3 23. Rf1 exd2 24. Bxd2 Re8 25. Rae1 Nf6 26. Bf4 Ng4 27. Bxc7 Be5 28.
Bxe5 Nxe5 29. Rd1 d3 30. f4 Ng4 31. Rxd3 Re2 32. Rd7+ Re7 33. Rfd1 Bc6 34. R7d3
Re2 35. b4 Rg2+ 36. Kf1 Nfe3+ 37. Ke1 Nxd1 38. Rxd1 Rxg3 39. Rd6 Rg1+ 40. Kd2
Ba4 41. Kc3 Ne3 42. b5 Nd1+ 43. Kb4 Bc2 44. Rd7+ Ke6 45. Rxa7 Rg3 46. Rb7 Rb3+
47. Ka4 Rb2# 0-1

[Event "Challenge"]
[Site "http://www.queenalice.com/game.php?id=650241"]
[Date "2009.9.10"]
[Round "-"]
[White "TD"]
[Black "danniel"]
[Result "1/2-1/2"]
[WhiteElo "1478"]
[BlackElo "1509"]

1. b3 e5 2. Bb2 Qf6 3. c4 h5 4. e3 c5 5. a3 Nh6 6. d4 cxd4 7. exd4 Bd6 8. c5 Bc7
9. Nf3 O-O 10. dxe5 Re8 11. Ra2 Ng4 12. Be2 Qf4 13. g3 Nxf2 14. Kxf2 Bxe5 15.
gxf4 Bxf4 16. Qd4 Be3+ 17. Qxe3 Rxe3 18. Kxe3 f6 19. Nd4 a6 20. Bxh5 b5 21. cxb6
Bb7 22. Bf3 Bxf3 23. Kxf3 g6 24. Rg1 Kf7 25. Nc3 Nc6 26. Nxc6 dxc6 27. Raa1 g5
28. Ne4 Ke6 29. Bxf6 Rf8 30. b7 Rb8 31. Bxg5 Rxb7 32. b4 a5 33. bxa5 Rf7+ 34.
Bf6 c5 35. Rg7 Rf8 36. Rd1 Rxf6+ 37. Nxf6 Kxf6 38. Rc7 Ke5 39. Rxc5+ Ke6 40. a6
Kf6 41. a7 Ke6 42. a8=Q Ke7 43. Rc7+ Ke6 44. Qe8+ Kf6 45. Rd5 1/2-1/2

[Event "Challenge"]
[Site "http://www.queenalice.com/game.php?id=650242"]
[Date "2009.9.10"]
[Round "-"]
[White "danniel"]
[Black "seboro7"]
[Result "0-1"]
[WhiteElo "1580"]
[BlackElo "1582"]

1. d4 d5 2. h3 Nf6 3. Bg5 Ne4 4. Bf4 g5 5. Be5 f6 6. Bg3 c6 7. Bxb8 Rxb8 8. Nd2
Qd6 9. c4 Qf4 10. Nxe4 Qxe4 11. Qd3 Qxd3 12. exd3 dxc4 13. dxc4 e5 14. O-O-O Bb4
15. a3 Ba5 16. b4 Bb6 17. c5 Bc7 18. g4 b6 19. b5 bxc5 20. dxc5 cxb5 21. Ne2 b4
22. Kb2 bxa3+ 23. Kxa3 O-O 24. Bg2 Be6 25. Rb1 Rxb1 26. Rxb1 Rb8 27. Rxb8+ Bxb8
28. Nc3 Kf7 29. Be4 h6 30. f3 Bc4 31. Kb4 Bf1 32. Nd1 Bxh3 33. Ne3 Bc7 34. Bd5+
Ke7 35. Nf5+ Kd8 36. Nxh6 a5+ 37. Kb5 Bf1+ 38. Ka4 Bd3 39. c6 Bc2+ 40. Ka3 a4
41. Ng8 Bd6+ 42. Kb2 Bb3 43. Nxf6 Bxd5 44. Nxd5 a3+ 45. Ka2 Bc5 46. Nc3 Kc7 47.
Nb1 Kxc6 48. Nc3 Bb4 49. Ne4 Be7 50. Nf2 Kd5 51. Nd1 Kd4 52. Nf2 Ke3 53. Nd1+
Kxf3 54. Nc3 Kxg4 55. Kb1 Kf3 56. Nd5 Bd6 57. Nc3 g4 58. Nd5 g3 59. Ka2 g2 60.
Nc3 g1=Q 61. Nd1 Qd4 62. Kb1 Qxd1+ 63. Ka2 Qc2+ 64. Ka1 Qb2# 0-1

[Event "Challenge"]
[Site "http://www.queenalice.com/game.php?id=650243"]
[Date "2009.9.10"]
[Round "-"]
[White "seboro7"]
[Black "danniel"]
[Result "1-0"]
[WhiteElo "1554"]
[BlackElo "1509"]

1. d4 d5 2. Nf3 Bg4 3. Ne5 Be6 4. e3 f6 5. Qh5+ g6 6. Nxg6 Bf7 7. Bb5+ c6 8. Bd3
Bg7 9. Qg4 h5 10. Qf5 e6 11. Qh3 f5 12. Nxh8 Bxh8 13. f4 Bg6 14. Qg3 Qf6 15. Nc3
Nd7 16. b4 Nh6 17. b5 c5 18. a4 c4 19. Be2 O-O-O 20. h4 Rg8 21. Qg5 Nf7 22. Qxf6
Bxf6 23. a5 Nd6 24. b6 a6 25. Ba3 Be8 26. Bxd6 Rxg2 27. Bc7 Nf8 28. Bf3 Rxc2 29.
Na4 Nd7 30. Rg1 Bxh4+ 31. Kd1 Rf2 32. Rg8 Nf6 33. Nc5 Nxg8 34. Be2 Bb5 35. Nxe6
Nf6 36. Ng7 Ne4 37. Nxf5 Nc3+ 38. Kc2 Nxe2 39. Nxh4 Nxd4+ 40. Kc3 Nb3 41. Rg1
Rf3 42. Rg8+ Kd7 43. Nxf3 Nxa5 44. Ne5+ Ke7 45. Bd8+ Ke6 46. Rg6+ Kf5 47. Kd4
Be8 48. Rf6# 1-0

[Event "Challenge"]
[Site "http://www.queenalice.com/game.php?id=650246"]
[Date "2009.9.10"]
[Round "-"]
[White "danniel"]
[Black "neoiron"]
[Result "1-0"]
[WhiteElo "1517"]
[BlackElo "1320"]

1. d4 Nf6 2. Nc3 Nc6 3. Bf4 Ng4 4. a3 e6 5. h3 Qh4 6. g3 Qh5 7. Bg2 Na5 8. f3
Nf6 9. h4 Nc4 10. Ra2 d5 11. b3 Na5 12. g4 Qg6 13. Bxc7 b6 14. Qd2 Kd7 15. h5
Qh6 16. g5 Qxh5 17. Rxh5 Nxh5 18. Nb5 Ba6 19. Qc3 Bxb5 20. a4 Ba6 21. b4 Nc6 22.
b5 Bb4 23. bxc6+ Kxc7 24. Qxb4 Nf4 25. Qe7+ Kc8 26. Qd7+ Kb8 27. c7+ Kb7 28.
c8=Q# 1-0

[Event "Challenge"]
[Site "http://www.queenalice.com/game.php?id=653863"]
[Date "2009.9.17"]
[Round "-"]
[White "Petruzza"]
[Black "danniel"]
[Result "0-1"]
[WhiteElo "1776"]
[BlackElo "1530"]

1. e4 e5 2. d3 Nc6 3. Nf3 Bc5 4. Be3 Bxe3 5. fxe3 d6 6. h3 h6 7. Nc3 Be6 8. g4
a6 9. Nd5 Bxd5 10. exd5 Nce7 11. c4 c5 12. Qa4+ Kf8 13. h4 b5 14. cxb5 Qe8 15.
d4 e4 16. Nd2 axb5 17. Qxb5 Qxb5 18. Bxb5 f5 19. gxf5 Rb8 20. a4 Nf6 21. O-O
cxd4 22. exd4 Nexd5 23. b3 g5 24. hxg5 hxg5 25. Nc4 Ke7 26. Na5 Rb6 27. Nc4 Rbb8
28. Na5 Kf7 29. Kf2 e3+ 30. Kf3 Rh3+ 31. Kg2 Rbh8 32. Bc4 Rh2+ 33. Kg1 Kg7 34.
Bxd5 Nxd5 35. Nc4 Nf4 36. Rxf4 gxf4 37. Rf1 Rh1+ 38. Kg2 R8h2+ 39. Kf3 Rxf1+ 40.
Ke4 e2 41. Nd2 e1=Q+ 42. Kd5 Qxd2 0-1

[Event "Challenge"]
[Site "http://www.queenalice.com/game.php?id=653864"]
[Date "2009.9.17"]
[Round "-"]
[White "danniel"]
[Black "Petruzza"]
[Result "1-0"]
[WhiteElo "1556"]
[BlackElo "1766"]

1. d4 e6 2. a3 d5 3. Nf3 h6 4. Qd3 b6 5. Ne5 f5 6. f4 Ba6 7. Qg3 Nd7 8. Qg6+ Ke7
9. Nc6+ Kd6 10. Nxd8 Rxd8 11. g4 fxg4 12. Qxg4 Ngf6 13. Qh4 c5 14. f5 e5 15.
dxe5+ Nxe5 16. Nc3 Re8 17. Bf4 Kc6 18. Bg2 Bb7 19. O-O-O Kd7 20. Rd2 Nc4 21. Rd3
Ba6 22. Bxd5 Nd6 23. Rg3 Nxf5 24. Qh3 Bc8 25. Qxf5+ Kd8 26. Qd3 Re7 27. Bc6+ Bd7
28. Re3 Rxe3 29. Bxe3 Be7 30. Ne4 Kc7 31. Bxd7 Nxd7 32. Rd1 Ne5 33. Bf4 Bf6 34.
Bxe5+ Bxe5 35. Qd7+ Kb8 36. Rd5 Bf4+ 37. Kb1 g5 38. Qg7 Re8 39. Qg6 Rf8 40. Nf6
Kc8 41. Qf5+ Kb7 42. Qh7+ Ka6 43. Qd3+ b5 44. Nd7 c4 45. Qg6+ Ka5 46. Nxf8 1-0

[Event "AUTO-INT-1451"]
[Site "http://www.queenalice.com/game.php?id=653946"]
[Date "2009.9.17"]
[Round "1"]
[White "kiruba"]
[Black "danniel"]
[Result "0-1"]
[WhiteElo "1606"]
[BlackElo "1510"]

1. e4 e5 2. Nf3 Bc5 3. Bc4 d6 4. O-O Bg4 5. Re1 Bxf3 6. Qxf3 Nh6 7. d3 g5 8. Qh5
Qf6 9. Be3 Rg8 10. Bxc5 dxc5 11. Re3 g4 12. f3 Rg5 13. Qh4 c6 14. Nd2 gxf3 15.
Rxf3 Rxg2+ 16. Kxg2 Qxh4 17. Raf1 Nd7 18. Bxf7+ Nxf7 19. Rxf7 O-O-O 20. Nc4 Rg8+
21. Kf3 Qh3+ 22. Ke2 Qxh2+ 23. Ke1 Qxc2 24. Nd6+ Kc7 25. Nc4 Qxd3 26. Nxe5 Qxe4+
27. Kd1 Qxe5 0-1

[Event "AUTO-INT-1451"]
[Site "http://www.queenalice.com/game.php?id=653947"]
[Date "2009.9.17"]
[Round "1"]
[White "danniel"]
[Black "kiruba"]
[Result "0-1"]
[WhiteElo "1585"]
[BlackElo "1625"]

1. d4 Nf6 2. Bg5 e6 3. e4 h6 4. Bxf6 Qxf6 5. c3 b6 6. e5 Qd8 7. a3 Bb7 8. b4 d6
9. Nd2 Nd7 10. b5 a6 11. Qa4 axb5 12. Qc2 Be7 13. Ngf3 Bxf3 14. gxf3 O-O 15.
Bxb5 d5 16. a4 Qc8 17. Ke2 c6 18. Bc4 dxc4 19. Nxc4 f6 20. f4 fxe5 21. dxe5 Rxf4
22. Rhg1 Qa6 23. Kd1 Qxc4 24. Qg6 Qd5+ 25. Ke1 Qxe5+ 26. Kf1 Bf6 27. Qxh6 Rh4
28. Qe3 Qxe3 29. fxe3 Rxh2 30. c4 Bxa1 31. Rg6 Rxa4 32. Rg4 Bf6 33. Rg2 Ra1+ 34.
Kf2 Ra2+ 35. Kf3 Rhxg2 36. c5 Raf2+ 37. Ke4 Nxc5# 0-1

[Event "AUTO-INT-1451"]
[Site "http://www.queenalice.com/game.php?id=653960"]
[Date "2009.9.17"]
[Round "1"]
[White "danniel"]
[Black "OWhy"]
[Result "0-1"]
[WhiteElo "1575"]
[BlackElo "1725"]

1. d4 d5 2. e3 Nc6 3. Bb5 a6 4. Bxc6+ bxc6 5. h3 Nf6 6. Nc3 e6 7. a3 c5 8. dxc5
Bxc5 9. Nf3 O-O 10. Qd3 a5 11. Ne5 Ba6 12. Nb5 c6 13. Nxc6 Qb6 14. Ne7+ Bxe7 15.
a4 Rfc8 16. c3 Nd7 17. b4 axb4 18. cxb4 Bxb4+ 19. Bd2 Bxb5 20. Qb3 Bxd2+ 21.
Kxd2 Nc5 22. Qb4 Rxa4 23. Rxa4 Ne4+ 24. Kd1 Bxa4+ 25. Qxa4 Qb1+ 26. Ke2 Qb2+ 27.
Kf3 Qxf2+ 28. Kg4 Qg3+ 0-1

[Event "AUTO-INT-1451"]
[Site "http://www.queenalice.com/game.php?id=653961"]
[Date "2009.9.17"]
[Round "1"]
[White "OWhy"]
[Black "danniel"]
[Result "1-0"]
[WhiteElo "1748"]
[BlackElo "1575"]

1. e4 e5 2. Nf3 Qf6 3. d4 exd4 4. Nxd4 Bc5 5. Be3 b6 6. Bc4 c6 7. Qf3 Qxf3 8.
Nxf3 Bxe3 9. fxe3 b5 10. Bb3 a5 11. a3 a4 12. Ba2 Nf6 13. Nc3 O-O 14. h3 d5 15.
exd5 Re8 16. O-O-O Rxe3 17. Rhe1 Rxe1 18. Rxe1 Bb7 19. d6 c5 20. Re7 Nc6 21.
Rxb7 b4 22. Nxa4 h6 23. Rxf7 Kh7 24. Nxc5 bxa3 25. Ne6 h5 26. bxa3 Rxa3 27.
Rxg7+ Kh6 28. Nh4 Ra5 29. Bc4 Nd4 30. Rg6+ Kh7 31. Nf8+ Kh8 32. Rxf6 Kg7 33.
Rf7+ Kh6 34. d7 Nc6 35. Nf3 1-0

[Event "AUTO-INT-1451"]
[Site "http://www.queenalice.com/game.php?id=653962"]
[Date "2009.9.17"]
[Round "1"]
[White "danniel"]
[Black "kane"]
[Result "0-1"]
[WhiteElo "1575"]
[BlackElo "1572"]

1. d4 d5 2. Nc3 c6 3. Bf4 Nd7 4. e4 Ngf6 5. e5 Ne4 6. Nxe4 dxe4 7. Bc4 b5 8. Be2
e6 9. f3 exf3 10. Bxf3 Bb7 11. a3 g5 12. Bg3 Rb8 13. h4 gxh4 14. Bxh4 Be7 15. g3
Nb6 16. b3 a6 17. Bxe7 Qxe7 18. Qd2 c5 19. Rh4 h6 20. Bh5 Qg5 21. Qxg5 hxg5 22.
Rh3 Nd5 23. O-O-O c4 24. g4 Nf4 25. Rg3 Nxh5 26. gxh5 Rxh5 27. Nh3 Ke7 0-1

[Event "Challenge"]
[Site "http://www.queenalice.com/game.php?id=669455"]
[Date "2009.10.19"]
[Round "-"]
[White "bruhnomp3"]
[Black "danniel"]
[Result "0-1"]
[WhiteElo "1087"]
[BlackElo "1583"]

1. e4 e5 2. Qh5 Qf6 3. f3 g6 4. Qh3 Nc6 5. c3 d6 6. Bb5 Bxh3 7. Nxh3 Qh4+ 8. Nf2
O-O-O 9. Bxc6 bxc6 10. g3 Qf6 11. Na3 Qxf3 12. Rg1 d5 13. Rf1 Qg2 14. d3 Qxh2
15. Ng4 Qxg3+ 16. Nf2 dxe4 17. Nc4 Rxd3 18. Nxe5 Bc5 19. Nxd3 exd3 20. b4 Be3
21. Bxe3 Qf3 22. Bd4 Qe2# 0-1

[Event "Challenge"]
[Site "http://www.queenalice.com/game.php?id=669456"]
[Date "2009.10.19"]
[Round "-"]
[White "danniel"]
[Black "bruhnomp3"]
[Result "1-0"]
[WhiteElo "1580"]
[BlackElo "1247"]

1. e4 e5 2. Nh3 h6 3. Qf3 f6 4. Bc4 Ne7 5. d3 Nec6 6. Be3 d6 7. O-O Bxh3 8. Qxh3
Be7 9. Be6 Na6 10. Qh5+ Kf8 11. Qf7# 1-0

[Event "Challenge"]
[Site "http://www.queenalice.com/game.php?id=670643"]
[Date "2009.10.21"]
[Round "-"]
[White "bruhnomp3"]
[Black "danniel"]
[Result "0-1"]
[WhiteElo "1082"]
[BlackElo "1573"]

1. e3 e5 2. Qh5 Qf6 3. Nf3 g6 4. Qxe5+ Qxe5 5. Nxe5 c6 6. Nd3 b6 7. c3 d5 8. h3
h5 9. b3 Bf5 10. f4 Bd6 11. g3 Nf6 12. Ba3 Bxa3 13. Nxa3 b5 14. Rc1 O-O 15. Ne5
Ne4 16. g4 hxg4 17. hxg4 Be6 18. Rg1 Bc8 19. f5 g5 20. Bd3 Nd6 21. f6 Ne8 22.
Rh1 Nxf6 23. Nc2 Nbd7 24. Nxd7 Bxd7 25. Be2 Kg7 26. Bd3 Bxg4 27. Nd4 Rac8 28. a4
Nh5 29. Bf5 Ng3 0-1

[Event "Challenge"]
[Site "http://www.queenalice.com/game.php?id=670644"]
[Date "2009.10.21"]
[Round "-"]
[White "danniel"]
[Black "bruhnomp3"]
[Result "1-0"]
[WhiteElo "1571"]
[BlackElo "1106"]

1. d4 d5 2. Nc3 c6 3. b4 b5 4. h3 Na6 5. Ba3 g6 6. Nf3 Bg7 7. g4 e6 8. Qd3 Nf6
9. O-O-O Ne4 10. Nxe4 dxe4 11. Qxe4 Qc7 12. Rd3 Nb8 13. Bb2 Na6 14. d5 Nc5 15.
bxc5 Rf8 16. d6 Qd7 17. Bxg7 Rg8 18. Qe5 f6 19. Bxf6 Ba6 20. Nd2 b4 21. Rf3 Rd8
22. Ne4 Rf8 23. g5 Rf7 24. h4 h5 25. Bg7 Re7 26. Nf6+ Kf7 27. Nxd7+ Kg8 28. dxe7
Re8 29. Rf8+ 1-0